Carta de edificacion del P. Manuel Alvarez de Lava professo de la Compañia de Jesus, defuncto en la residencia de la villa de Leon a 24 de enero de 1737. Y noticia, que dà de sus virtudes â la provincia de Nueva-España el p. provincial Matheo Ansaldo, de la mesma Compañia

Detalles Bibliográficos
Autor principal: Ansaldo y Ferrari, Mateo 1689-1749
Formato: Libro
Lenguaje:Spanish
Publicado: en Mexico 1743
Materias:
Colección:Banco de datos
Acervo:Biblioteca de la Congregación del Oratorio de San Felipe Neri de México. Iglesia La Profesa
Descripción Física:55 p. 4°
Tema general:Cartas pastorales
Notas:Falta portada. Datos tomados del incipit opus. Pie de imprenta tomado del colofón. Texto a renglón seguido con marco en grabado xilográfico. Colofón: Esta, y las antecedentes Cartas, impressa con las licencias necessarias en Mexico, en la Imprenta Real del Superior Gobierno, y del Nuevo Rezado, de Doña Maria de Rivera, en el Empedradillo. Año de 1743. Encuadernación en pergamino. Marca de fuego: Hospicio de San Felipe Neri, ciudad de México. Anotación manuscita al final de la carta: "P. Joseph Jimeno, author"
LEADER 01379nam a22001810004500
035 |a 845 
041 0 |a spa 
100 1 |a Ansaldo y Ferrari, Mateo  |d 1689-1749 
245 1 0 |a Carta de edificacion del P. Manuel Alvarez de Lava professo de la Compañia de Jesus, defuncto en la residencia de la villa de Leon a 24 de enero de 1737. Y noticia, que dà de sus virtudes â la provincia de Nueva-España el p. provincial Matheo Ansaldo, de la mesma Compañia  
260 |a en Mexico  |b en la Imprenta Real del Superior Gobierno, y del Nuevo Rezado, de Doña Maria de Rivera  |c 1743 
300 |a 55 p.  |c 4° 
500 |a Falta portada. Datos tomados del incipit opus. Pie de imprenta tomado del colofón. Texto a renglón seguido con marco en grabado xilográfico. Colofón: Esta, y las antecedentes Cartas, impressa con las licencias necessarias en Mexico, en la Imprenta Real del Superior Gobierno, y del Nuevo Rezado, de Doña Maria de Rivera, en el Empedradillo. Año de 1743. Encuadernación en pergamino. Marca de fuego: Hospicio de San Felipe Neri, ciudad de México. Anotación manuscita al final de la carta: "P. Joseph Jimeno, author" 
501 |a 5 obras 
650 1 0 |a Cartas pastorales 
949 |a Iglesia La Profesa, Biblioteca 1101-D 
942 |c PROFESA 
943 |g Biblioteca de la Congregación del Oratorio de San Felipe Neri de México. Iglesia La Profesa 
999 |c 947656  |d 947656